000 00610nam a2200181 i 4500
001 98460
003 ES-MaACL
005 20230906182305.0
007 t|
008 050908s1945 sp ||||1| spa d
245 0 0 _aPérdidas del patrimonio europeo.
260 _a[S.l. :
_bs.n.,
_c1945?]
300 _a[32] h. de lám. ;
_c27 cm.
594 _aFotografías de edificios artísticos destruidos por la guerra, 1939-1945, en Europa.
650 4 _aGuerra mundial, 1939-1945-
_xDestrucciones y saqueos.
_9173443
650 4 _aGuerra mundial, 1939-1945-
_vObras ilustradas.
_913245
852 _aES-MaACL
_j1672-F-22
999 _c98460
_d98460